000 00674nam a2200205 i 4500
001 128713
003 ES-MaACL
007 t|
008 070524s1961 mx ||||1| spa d
080 _a972"1910/46"
100 0 _aTaracena, Alfonso
_9109257
245 1 3 _aLa verdadera revolución mexicana
_b: septima etapa (1920 a 1921) /
_cAlfonso Taracena.
250 _a1ª ed.
260 _aMéxico, D.F. :
_bJus,
_c1961.
300 _a208 p. ;
_c23 cm.
490 1 _aFiguras y Episodios de la Historia de México ;
_v100
830 0 _aFiguras y Episodios de la Historia de México ;
_v100
_9181876
852 _aES-MaACL
_jE-9422
_bR.94197
999 _c128713
_d128713